|
|
|
|
| LEADER |
00000nas a2200000 a 4500 |
| 001 |
ssj0064206 |
| 003 |
WaSeSS |
| 005 |
20200512172242.0 |
| 006 |
m d |
| 007 |
cr n |
| 008 |
920731d19uu2014sp fr s 0 0spa |
| 010 |
|
|
|a 92662210
|
| 016 |
7 |
|
|a 1160656-3
|2 DE-600
|
| 016 |
7 |
|
|a 015355967
|2 Uk
|
| 022 |
|
|
|l 1130-3743
|y 1130-3743
|
| 035 |
|
|
|a (WaSeSS)ssj0064206
|
| 037 |
|
|
|b Ediciones Universidad Salamanca, Apartado 325, 37080 Salamanca
|
| 040 |
|
|
|a DLC
|b eng
|c DLC
|d OCLCQ
|d DLC
|d OCLCQ
|d DEBBG
|d UKMGB
|d OCLCO
|d OCLCQ
|d CUS
|d OCLCF
|d CUS
|d OCLCO
|d SERSO
|d OCLCA
|d CUS
|d IXA
|d U3G
|d LVT
|d GBVCP
|d OCLCO
|d OCLCA
|d WaSeSS
|
| 041 |
0 |
|
|a spa
|b eng
|
| 042 |
|
|
|a pcc
|
| 043 |
|
|
|a e-sp---
|
| 050 |
0 |
0 |
|a LB14.7
|b .T46
|
| 082 |
0 |
0 |
|a 370/.1
|2 20
|
| 210 |
0 |
|
|a Teor. educ.
|
| 222 |
|
0 |
|a Teoría de la educación
|
| 245 |
0 |
0 |
|a Teoría de la educación
|h [electronic resource].
|
| 260 |
|
|
|a Salamanca :
|b Ediciones Universidad Salamanca
|
| 310 |
|
|
|a Semiannual,
|b <jun. 2009->
|
| 321 |
|
|
|a Annual,
|b <1991->
|
| 500 |
|
|
|a "Revista interuniversitaria."
|
| 506 |
|
|
|a License restrictions may limit access.
|
| 515 |
|
|
|a None published 1988-1990.
|
| 546 |
|
|
|a Summaries in English.
|
| 588 |
|
|
|a Description based on: Vol. 3 (1991).
|
| 588 |
|
|
|a Latest issue consulted: Vol. 21, [no.] 1 (jun. 2009).
|
| 650 |
|
0 |
|a Education
|x Philosophy
|v Periodicals.
|
| 650 |
|
0 |
|a Education
|z Spain
|x Philosophy
|v Periodicals.
|
| 650 |
|
7 |
|a Pädagogik
|2 gnd
|
| 650 |
|
7 |
|a Zeitschrift
|2 gnd
|
| 650 |
|
7 |
|a Education
|x Philosophy.
|2 fast
|0 (OCoLC)fst00902721
|
| 651 |
|
7 |
|a Spain.
|2 fast
|0 (OCoLC)fst01204303
|
| 655 |
|
0 |
|a Electronic journals.
|
| 710 |
2 |
|
|a Ediciones Universidad de Salamanca.
|
| 850 |
|
|
|a DLC
|
| 856 |
4 |
0 |
|z Full text available from Research Library: 01/01/2013 to present
|u https://search.proquest.com/publication/2032105
|